| 000 | 00353nam a2200145Ia 4500 | ||
|---|---|---|---|
| 008 | 230917s9999||||xx |||||||||||||| ||und|| | ||
| 040 |
_e97887 _aMAIN |
||
| 041 | _aEnglish | ||
| 082 | _a658.152 G155I | ||
| 100 | _aGangadhar, V | ||
| 245 | 0 | _aInvestment management | |
| 260 |
_aNew Delhi _bAnmol Publications _c2003 |
||
| 300 | _a465 p. | ||
| 942 | _cBK | ||
| 999 |
_c109779 _d109779 |
||